| 000 | 01330nam a2200277Ia 4500 | ||
|---|---|---|---|
| 999 |
_c55067 _d55067 |
||
| 001 | 22142 | ||
| 003 | GE_BSU | ||
| 005 | 20221201122652.0 | ||
| 008 | 181216s ||||ge |||||||||||||| ||geo|| | ||
| 020 | _a9789941238703 | ||
| 040 | _cGE_BSU | ||
| 080 | _a821.512.161-31 ფ-22 | ||
| 100 |
_aფამუქი, ორჰან _911764 |
||
| 245 |
_aმე წითელი მქვია : _bრომანი / _cორჰან ფამუქი ; თურქულიდან თარგმნა ლია ჩლაიძემ ; რედ. თეა ქიტოშვილი ; დიზაინერი ია მახათაძე. |
||
| 250 | _aმე-3 გამოცემა | ||
| 264 |
_aთბილისი : _bბაკურ სულაკაურის გამ-ბა, _c2017. |
||
| 300 |
_a517გვ. ; _c21 სმ. |
||
| 541 | _h11ლ.90თ. | ||
| 653 | _aმე წითელი მქვია | ||
| 653 | _aრომანი | ||
| 653 | _aმხატვრული ლიტერატურა | ||
| 700 |
_aჩლაიძე, ლია _eმთარგმნელი _93289 |
||
| 700 |
_aქიტოშვილი, თეა _eრედაქტორი _916276 |
||
| 700 |
_aმახათაძე, ია _eდიზაინერი _95299 |
||
| 942 |
_cBK _2udc |
||